[Event "Europa ch 2014"]
[Site "Yerevan ARM"]
[Date "2014.03.06"]
[Round "4.55"]
[White "Moiseenko, Alexander"]
[Black "Melia, Salome"]
[Result "1-0"]
[WhiteElo "2712"]
[BlackElo "2453"]
[PlyCount "115"]
[EventDate "2014.03.03"]
[EventType "swiss"]
[EventRounds "11"]
[EventCountry "ARM"]
[Source "lmi"]
[SourceDate "2014.03.02"]

1. d4 Nf6 2. c4 e6 3. Nf3 d5 4. Nc3 c5 5. e3 cxd4 6. exd4 Bb4 7. cxd5 Nxd5 8.
Bd2 Nc6 9. Bd3 O-O 10. O-O Nf6 11. Bg5 h6 12. Bh4 Be7 13. Rc1 Nh5 14. Bxe7 Nxe7
15. Ne5 Nf6 16. Ne4 Nxe4 17. Bxe4 Nf5 18. Bxf5 exf5 19. d5 Re8 20. Qd4 f6 21.
Nc4 Be6 22. Rfd1 Rc8 23. h3 Bf7 24. Ne3 Rxc1 25. Rxc1 Qd7 26. b3 Rd8 27. Qf4 g6
28. Qxh6 Qd6 29. Rd1 Qe5 30. Nc4 Qe4 31. f3 Qe7 32. d6 Qe8 33. Qd2 Qc6 34. Qd4
Kg7 35. Kf2 b6 36. Ne3 a5 37. g4 fxg4 38. hxg4 Qc5 39. Qxc5 bxc5 40. Rd2 Be6
41. f4 Kf8 42. f5 gxf5 43. gxf5 Bf7 44. Ng4 a4 45. Nxf6 axb3 46. axb3 Bxb3 47.
Ne4 c4 48. Ke3 Kf7 49. Kd4 Ba4 50. Rh2 c3 51. Rh7+ Kg8 52. Nf6+ Kf8 53. Rh8+
Kf7 54. Rxd8 Kxf6 55. Rf8+ Kg7 56. Rc8 Kf6 57. Rxc3 Kxf5 58. Kd5 1-0

[Event "Europa ch 2014"]
[Site "Yerevan ARM"]
[Date "2014.03.06"]
[Round "4.56"]
[White "Grachev, Boris"]
[Black "Givon, Asaf"]
[Result "1/2-1/2"]
[WhiteElo "2675"]
[BlackElo "2449"]
[PlyCount "60"]
[EventDate "2014.03.03"]
[EventType "swiss"]
[EventRounds "11"]
[EventCountry "ARM"]
[Source "lmi"]
[SourceDate "2014.03.02"]

1. d4 Nf6 2. Bg5 Ne4 3. Bf4 d5 4. e3 c5 5. Bd3 Nf6 6. c3 Nc6 7. Nd2 Bg4 8. Ngf3
e6 9. Qa4 Nd7 10. O-O Be7 11. Qc2 c4 12. Be2 Bf5 13. e4 Bg6 14. b3 b5 15. bxc4
bxc4 16. Qa4 Rc8 17. Ne5 Ndxe5 18. Bxe5 O-O 19. Bg3 f5 20. exf5 exf5 21. Bf4
Be8 22. Qc2 Bf6 23. Nf3 g5 24. Be5 g4 25. Bxf6 Qxf6 26. Nd2 Bd7 27. f4 Rfe8 28.
Rae1 Re3 29. Nxc4 Nxd4 30. cxd4 Qxd4 1/2-1/2

[Event "Europa ch 2014"]
[Site "Yerevan ARM"]
[Date "2014.03.06"]
[Round "4.57"]
[White "Socko, Bartosz"]
[Black "Minasian, Ara"]
[Result "1/2-1/2"]
[WhiteElo "2654"]
[BlackElo "2432"]
[PlyCount "93"]
[EventDate "2014.03.03"]
[EventType "swiss"]
[EventRounds "11"]
[EventCountry "ARM"]
[Source "lmi"]
[SourceDate "2014.03.02"]

1. d4 f5 2. g3 Nf6 3. Bg2 g6 4. Nh3 Bg7 5. Nf4 Nc6 6. d5 Ne5 7. Nc3 c6 8. e4
fxe4 9. Nxe4 Nxe4 10. Bxe4 cxd5 11. Bxd5 e6 12. Bg2 Qc7 13. O-O d6 14. Rb1 Bd7
15. b3 Ke7 16. Qe2 Bc6 17. Bb2 Kf7 18. Nxe6 Kxe6 19. f4 Bxg2 20. Kxg2 Qc6+ 21.
Kh3 Rhf8 22. Rbe1 Kd7 23. fxe5 dxe5 24. Qg4+ Kc7 25. Rxe5 Rxf1 26. Re7+ Kb6 27.
Bxg7 Rf5 28. Bd4+ Ka5 29. Rxh7 Re8 30. Rh6 Re4 31. Bc3+ Kb5 32. a4+ Kc5 33.
Qxg6 Qxg6 34. Rxg6 Rh5+ 35. Kg2 Re2+ 36. Kf3 Rxc2 37. Kg4 Rd5 38. Bf6 Rxh2 39.
Be7+ Kd4 40. Rg7 Kd3 41. Ba3 Ra2 42. Bf8 Rf2 43. Ba3 b6 44. Rxa7 Kc3 45. Bc1
Kxb3 46. Be3 Rf6 47. Rb7 1/2-1/2

[Event "Europa ch 2014"]
[Site "Yerevan ARM"]
[Date "2014.03.06"]
[Round "4.58"]
[White "Postny, Evgeny"]
[Black "Simonian, Tigran"]
[Result "1-0"]
[WhiteElo "2635"]
[BlackElo "2425"]
[PlyCount "73"]
[EventDate "2014.03.03"]
[EventType "swiss"]
[EventRounds "11"]
[EventCountry "ARM"]
[Source "lmi"]
[SourceDate "2014.03.02"]

1. d4 Nf6 2. c4 e6 3. Nf3 d5 4. g3 Be7 5. Bg2 O-O 6. O-O dxc4 7. Qc2 a6 8. a4
Bd7 9. Rd1 Bc6 10. Bg5 a5 11. Nbd2 Na6 12. Nxc4 Nb4 13. Qb3 Bd5 14. Nfe5 Bxg2
15. Kxg2 c6 16. Bxf6 Bxf6 17. e4 Be7 18. Rac1 Qc7 19. Ne3 Rad8 20. f4 Qb6 21.
Qc4 Bd6 22. Nf3 Rfe8 23. h4 h6 24. h5 Qa6 25. b3 b5 26. Qe2 Qb7 27. Ng4 Bf8 28.
Nge5 f6 29. Ng6 f5 30. Nxf8 Kxf8 31. Rc5 fxe4 32. Qxe4 bxa4 33. bxa4 Rd5 34.
Qh7 Qf7 35. Ne5 Qg8 36. Qb1 Red8 37. Rxa5 1-0

[Event "Europa ch 2014"]
[Site "Yerevan ARM"]
[Date "2014.03.06"]
[Round "4.59"]
[White "Dastan, Muhammed Batuhan"]
[Black "Swiercz, Dariusz"]
[Result "0-1"]
[WhiteElo "2416"]
[BlackElo "2631"]
[PlyCount "80"]
[EventDate "2014.03.03"]
[EventType "swiss"]
[EventRounds "11"]
[EventCountry "ARM"]
[Source "lmi"]
[SourceDate "2014.03.02"]

1. e4 c5 2. Nf3 d6 3. d4 cxd4 4. Nxd4 Nf6 5. Nc3 a6 6. Be2 e5 7. Nb3 Be7 8. Be3
Be6 9. Nd5 Nxd5 10. exd5 Bf5 11. Qd2 O-O 12. O-O Bg6 13. Na5 Qc7 14. b4 b6 15.
Nc4 Nd7 16. a4 f5 17. f3 f4 18. Bf2 Rfc8 19. Rfc1 Qb7 20. a5 b5 21. Nb6 Nxb6
22. Bxb6 Bf6 23. c4 bxc4 24. Rxc4 Rxc4 25. Bxc4 e4 26. Rd1 e3 27. Qe2 Bc3 28.
g3 Bxb4 29. gxf4 Bd2 30. Bxe3 Bxa5 31. Bf2 Re8 32. Qa2 Qb4 33. Bxa6 Bb6 34. Bf1
Bxf2+ 35. Qxf2 Qxf4 36. Rd4 Qf6 37. h4 Bh5 38. Bh3 Bxf3 39. Be6+ Kh8 40. Qe3
Bxd5 0-1

[Event "Europa ch 2014"]
[Site "Yerevan ARM"]
[Date "2014.03.06"]
[Round "4.60"]
[White "Volkov, Sergey"]
[Black "Meribanov, Vitaly"]
[Result "1/2-1/2"]
[WhiteElo "2610"]
[BlackElo "2410"]
[PlyCount "46"]
[EventDate "2014.03.03"]
[EventType "swiss"]
[EventRounds "11"]
[EventCountry "ARM"]
[Source "lmi"]
[SourceDate "2014.03.02"]

1. d4 Nf6 2. c4 e6 3. Nc3 Bb4 4. f3 d5 5. a3 Bxc3+ 6. bxc3 O-O 7. cxd5 exd5 8.
e3 Nh5 9. g3 Re8 10. Bd3 c5 11. Ne2 b6 12. O-O Nf6 13. g4 Ba6 14. Ng3 Bxd3 15.
Qxd3 Nc6 16. Ra2 Rc8 17. Re2 Na5 18. Nf5 Qc7 19. e4 cxd4 20. cxd4 dxe4 21. fxe4
Qc3 22. Qxc3 Rxc3 23. Bb2 Rd3 1/2-1/2

[Event "Europa ch 2014"]
[Site "Yerevan ARM"]
[Date "2014.03.06"]
[Round "4.61"]
[White "Bagaturov, Giorgi"]
[Black "Pantsulaia, Levan"]
[Result "1-0"]
[WhiteElo "2408"]
[BlackElo "2606"]
[PlyCount "75"]
[EventDate "2014.03.03"]
[EventType "swiss"]
[EventRounds "11"]
[EventCountry "ARM"]
[Source "lmi"]
[SourceDate "2014.03.02"]

1. d4 Nf6 2. Nf3 c5 3. d5 d6 4. Nc3 g6 5. e4 Bg7 6. Bb5+ Nfd7 7. a4 Na6 8. O-O
Nc7 9. Be2 O-O 10. Bf4 b6 11. Qd2 Re8 12. Rfe1 a6 13. Bf1 Ne5 14. Nxe5 Bxe5 15.
Bxe5 dxe5 16. Nd1 Rb8 17. b4 cxb4 18. Qxb4 a5 19. Qb2 e6 20. Ne3 exd5 21. exd5
Ba6 22. Rad1 Bxf1 23. Rxf1 Na6 24. f4 Qh4 25. d6 Nc5 26. Nd5 Re6 27. fxe5 Nxa4
28. Qb3 Nc5 29. Qf3 Rf8 30. Nf6+ Kh8 31. Qe3 Kg7 32. Rd4 Qh6 33. Qxh6+ Kxh6 34.
Rh4+ Kg5 35. Rxh7 Rxf6 36. exf6 a4 37. g3 a3 38. Rf4 1-0

[Event "Europa ch 2014"]
[Site "Yerevan ARM"]
[Date "2014.03.06"]
[Round "4.62"]
[White "Schachinger, Mario"]
[Black "Nevednichy, Vladislav"]
[Result "1-0"]
[WhiteElo "2398"]
[BlackElo "2591"]
[PlyCount "76"]
[EventDate "2014.03.03"]
[EventType "swiss"]
[EventRounds "11"]
[EventCountry "ARM"]
[Source "lmi"]
[SourceDate "2014.03.02"]

1. Nf3 g6 2. e4 Bg7 3. d4 d6 4. Be2 Nf6 5. Nc3 O-O 6. O-O c5 7. d5 Na6 8. h3
Nc7 9. a4 a6 10. Bf4 Nd7 11. Qd2 Rb8 12. a5 Re8 13. Rfe1 b5 14. axb6 Rxb6 15.
Ra2 Rb4 16. Bf1 Nf6 17. Bh2 Bb7 18. b3 Qc8 19. Bc4 Nd7 20. Na4 Ba8 21. e5 Nb6
22. c3 Rxa4 23. Rxa4 Nxa4 24. bxa4 Qd7 25. Qd1 Rf8 26. Re3 Bh6 27. Re2 Rd8 28.
Qb3 Qc8 29. exd6 exd6 30. Nd2 f5 31. Nf3 Qd7 32. h4 Rc8 33. Ng5 Bxg5 34. hxg5
Qd8 35. Bf4 Rb8 36. Qd1 Qd7 37. Kh2 Kf8 38. Re6 Ne8 1-0

[Event "Europa ch 2014"]
[Site "Yerevan ARM"]
[Date "2014.03.06"]
[Round "4.63"]
[White "Roiz, Michael"]
[Black "Sanal, Vahap"]
[Result "0-1"]
[WhiteElo "2591"]
[BlackElo "2390"]
[PlyCount "139"]
[EventDate "2014.03.03"]
[EventType "swiss"]
[EventRounds "11"]
[EventCountry "ARM"]
[Source "lmi"]
[SourceDate "2014.03.02"]

1. Nf3 d5 2. d4 Nf6 3. c4 c6 4. Qb3 dxc4 5. Qxc4 Bf5 6. g3 Nbd7 7. Bg2 e6 8.
O-O Be7 9. e3 O-O 10. Rd1 Qc7 11. Nc3 Ne4 12. Nd2 Nb6 13. Qb3 Nxc3 14. bxc3 e5
15. a4 a5 16. Bb2 Rad8 17. c4 exd4 18. exd4 Bb4 19. Nf1 Be6 20. Ne3 Rfe8 21. d5
Bc8 22. Bd4 Nd7 23. Qb2 f6 24. Nc2 Bf8 25. Ne1 c5 26. Bc3 Ne5 27. Qb3 Bg4 28.
Rdb1 Rb8 29. Rb2 b6 30. h3 Bf5 31. Bd2 h5 32. h4 Qc8 33. Bf4 Bd6 34. Nc2 Qd8
35. Ne3 Bh7 36. Rd1 g5 37. hxg5 fxg5 38. Bxe5 Rxe5 39. Bf1 Qf6 40. Bd3 Be4 41.
Bxe4 Rxe4 42. Qc2 Rbe8 43. Rxb6 h4 44. Rf1 h3 45. Qe2 Rf8 46. Kh2 g4 47. Qc2
Rfe8 48. Rc6 Kh8 49. Qd1 Bxg3+ 50. Kh1 Bd6 51. Nxg4 Qf4 52. Rxd6 Qxd6 53. Qf3
Qf4 54. Qxh3+ Kg7 55. Ne3 Kf6 56. Rb1 Qh4 57. Qxh4+ Rxh4+ 58. Kg2 Ke5 59. Rb2
Ke4 60. Nf1 Rg8+ 61. Ng3+ Kd3 62. d6 Rd4 63. Rb5 Kxc4 64. Rxa5 Rxd6 65. Kf3
Rd3+ 66. Ke4 Re8+ 67. Kf5 Rf8+ 68. Ke5 Rd5+ 69. Ke6 Rxf2 70. Ra8 0-1

[Event "Europa ch 2014"]
[Site "Yerevan ARM"]
[Date "2014.03.06"]
[Round "4.64"]
[White "Iordachescu, Viorel"]
[Black "Arabidze, Meri"]
[Result "1-0"]
[WhiteElo "2583"]
[BlackElo "2388"]
[PlyCount "97"]
[EventDate "2014.03.03"]
[EventType "swiss"]
[EventRounds "11"]
[EventCountry "ARM"]
[Source "lmi"]
[SourceDate "2014.03.02"]

1. e4 c5 2. Nf3 e6 3. d4 cxd4 4. Nxd4 a6 5. Nc3 Qc7 6. Bd3 Nf6 7. f4 Bb4 8. O-O
Bc5 9. Nce2 Nc6 10. c3 b5 11. Kh1 Bb7 12. Qe1 Ne7 13. e5 Nfd5 14. a4 bxa4 15.
Rxa4 f5 16. c4 Nb6 17. Ra2 Nc6 18. Nc2 a5 19. Ng1 Nb4 20. Nxb4 axb4 21. Rxa8+
Nxa8 22. Nf3 Qb6 23. h3 O-O 24. Kh2 Nc7 25. g4 Qc6 26. Qe2 g6 27. h4 Ra8 28. h5
Ra1 29. Kg3 Ne8 30. Nh4 Kf7 31. Qh2 Be7 32. Qe2 Ng7 33. h6 Ne8 34. Nf3 Bc5 35.
Nd2 Ra2 36. Nb3 Ba7 37. Bb1 Ra6 38. Rd1 d6 39. gxf5 exf5 40. c5 dxc5 41. Bd3
Nc7 42. Bc4+ Ke7 43. Bxa6 Bxa6 44. Qd2 Ne8 45. Qd8+ Kf8 46. Rd7 Qe6 47. Rxa7
Qxb3+ 48. Kh4 g5+ 49. Qxg5 1-0

[Event "Europa ch 2014"]
[Site "Yerevan ARM"]
[Date "2014.03.06"]
[Round "4.65"]
[White "Svetushkin, Dmitry"]
[Black "Gevorgyan, David"]
[Result "0-1"]
[WhiteElo "2582"]
[BlackElo "2388"]
[PlyCount "54"]
[EventDate "2014.03.03"]
[EventType "swiss"]
[EventRounds "11"]
[EventCountry "ARM"]
[Source "lmi"]
[SourceDate "2014.03.02"]

1. e4 e5 2. Nf3 Nc6 3. Bb5 Nf6 4. d3 d6 5. O-O Bd7 6. Re1 g6 7. d4 Bg7 8. d5
Nb8 9. Bxd7+ Nbxd7 10. c4 O-O 11. Nc3 Ne8 12. Be3 f5 13. Ng5 f4 14. Ne6 fxe3
15. Nxd8 exf2+ 16. Kh1 fxe1=Q+ 17. Qxe1 Rxd8 18. b4 Rf7 19. Ne2 Nef6 20. Ng1 a5
21. a3 Ra8 22. Rc1 axb4 23. axb4 Bh6 24. Rc2 Nxe4 25. Qxe4 Ra1 26. g3 Rff1 27.
Rg2 Nf6 0-1

[Event "Europa ch 2014"]
[Site "Yerevan ARM"]
[Date "2014.03.06"]
[Round "4.66"]
[White "Kalashian, David"]
[Black "Bok, Benjamin"]
[Result "0-1"]
[WhiteElo "2380"]
[BlackElo "2575"]
[PlyCount "80"]
[EventDate "2014.03.03"]
[EventType "swiss"]
[EventRounds "11"]
[EventCountry "ARM"]
[Source "lmi"]
[SourceDate "2014.03.02"]

1. d4 Nf6 2. c4 e6 3. Nf3 b6 4. g3 Bb7 5. Bg2 c5 6. d5 exd5 7. Nh4 g6 8. O-O
Bg7 9. cxd5 d6 10. Nc3 O-O 11. e4 Na6 12. Re1 Re8 13. Bf4 Nc7 14. a4 a6 15. Qb3
Nh5 16. Be3 Rb8 17. Qc2 b5 18. Rac1 Bc8 19. Nf3 Bd7 20. axb5 axb5 21. b4 cxb4
22. Na2 Na6 23. Nd4 Qa5 24. Qb1 Nf6 25. Bf4 Ng4 26. Nc2 b3 27. Qxb3 Nc5 28. Qb1
Nd3 29. Nab4 Nxc1 30. Rxc1 Rbc8 31. Rf1 Ne5 32. h3 Rc4 33. Bxe5 Bxe5 34. Nd3
Bg7 35. Ne3 Rc3 36. Rd1 Qa4 37. Kh2 Rec8 38. e5 Rb3 39. e6 fxe6 40. dxe6 Bxe6
0-1

[Event "Europa ch 2014"]
[Site "Yerevan ARM"]
[Date "2014.03.06"]
[Round "4.67"]
[White "Musalov, Ruslan"]
[Black "Grigoriants, Sergey"]
[Result "0-1"]
[WhiteElo "2340"]
[BlackElo "2574"]
[PlyCount "114"]
[EventDate "2014.03.03"]
[EventType "swiss"]
[EventRounds "11"]
[EventCountry "ARM"]
[Source "lmi"]
[SourceDate "2014.03.02"]

1. c4 Nf6 2. Nc3 e5 3. g3 Bb4 4. Bg2 O-O 5. Nf3 Bxc3 6. dxc3 Qe7 7. O-O d6 8.
Ne1 Nbd7 9. Nc2 a5 10. Ne3 a4 11. Qc2 Nc5 12. Rd1 Be6 13. Nd5 Nxd5 14. cxd5 Bg4
15. Be3 Nd7 16. f3 Bh5 17. Qe4 f5 18. Qb4 f4 19. Bf2 fxg3 20. hxg3 e4 21. Qxe4
Qxe4 22. fxe4 Bxe2 23. Rd2 Bf3 24. Bd4 Bxg2 25. Kxg2 Rae8 26. Re1 Rf7 27. Rf2
Rfe7 28. Rf4 h6 29. Kf3 c5 30. dxc6 bxc6 31. c4 c5 32. Bc3 Nb6 33. b3 axb3 34.
axb3 Rb7 35. e5 dxe5 36. Rxe5 Rxe5 37. Bxe5 Nd7 38. Re4 Rxb3+ 39. Kf4 Rd3 40.
Bb2 Kf7 41. Re3 Rd2 42. Rb3 g5+ 43. Ke3 Rc2 44. Rb7 Ke6 45. Bg7 h5 46. Bh6 Rc3+
47. Kf2 Nf6 48. Ke2 Rxg3 49. Rc7 Ne4 50. Bf8 h4 51. Bxc5 Nxc5 52. Rxc5 h3 53.
Rc6+ Kf5 54. Rh6 g4 55. c5 Kg5 56. Rh7 Rc3 57. Rg7+ Kf4 0-1

[Event "Europa ch 2014"]
[Site "Yerevan ARM"]
[Date "2014.03.06"]
[Round "4.68"]
[White "Jianu, Vlad-Cristian"]
[Black "Ali Marandi, Cemil Can"]
[Result "1-0"]
[WhiteElo "2574"]
[BlackElo "2380"]
[PlyCount "65"]
[EventDate "2014.03.03"]
[EventType "swiss"]
[EventRounds "11"]
[EventCountry "ARM"]
[Source "lmi"]
[SourceDate "2014.03.02"]

1. Nf3 d5 2. c4 c6 3. e3 Nf6 4. b3 e6 5. Bb2 Nbd7 6. d4 b6 7. Bd3 Bb7 8. O-O
Bd6 9. Nbd2 O-O 10. Ne5 c5 11. cxd5 Bxd5 12. Rc1 Be7 13. Qe2 Rc8 14. Rfd1 cxd4
15. exd4 Bb7 16. Rxc8 Qxc8 17. Rc1 Qa8 18. Nxd7 Nxd7 19. Rc7 Rd8 20. Bb5 Bc8
21. Qf3 Qb8 22. Qc6 a6 23. Bf1 Bf8 24. Nc4 b5 25. Ne5 Nxe5 26. dxe5 Bb4 27. Bd4
Ba5 28. Re7 Rf8 29. f4 Bd2 30. Bc5 Bd7 31. Rxd7 Rc8 32. Rb7 Qa8 33. Qd7 1-0

[Event "Europa ch 2014"]
[Site "Yerevan ARM"]
[Date "2014.03.06"]
[Round "4.69"]
[White "Esen, Baris"]
[Black "Qashashvili, Alexandre"]
[Result "1-0"]
[WhiteElo "2563"]
[BlackElo "2378"]
[PlyCount "51"]
[EventDate "2014.03.03"]
[EventType "swiss"]
[EventRounds "11"]
[EventCountry "ARM"]
[Source "lmi"]
[SourceDate "2014.03.02"]

1. d4 Nf6 2. Nf3 e6 3. c4 d5 4. Nc3 c5 5. cxd5 Nxd5 6. e4 Nxc3 7. bxc3 Be7 8.
Bd3 O-O 9. O-O cxd4 10. cxd4 b6 11. Qe2 Bb7 12. Bb2 Nc6 13. Rad1 Nb4 14. Bc4
Rc8 15. Ne5 b5 16. Bb3 a5 17. d5 exd5 18. exd5 Bd6 19. Nc6 Bxc6 20. dxc6 a4 21.
Qg4 g6 22. Bxf7+ Kxf7 23. Rfe1 Re8 24. Qf3+ Kg8 25. Rxe8+ Qxe8 26. Qf6 1-0

[Event "Europa ch 2014"]
[Site "Yerevan ARM"]
[Date "2014.03.06"]
[Round "4.70"]
[White "Gabrielian, Artur"]
[Black "Bulmaga, Irina"]
[Result "1/2-1/2"]
[WhiteElo "2560"]
[BlackElo "2375"]
[PlyCount "106"]
[EventDate "2014.03.03"]
[EventType "swiss"]
[EventRounds "11"]
[EventCountry "ARM"]
[Source "lmi"]
[SourceDate "2014.03.02"]

1. e4 c5 2. Nf3 d6 3. d4 cxd4 4. Nxd4 Nf6 5. Nc3 a6 6. Bg5 Nbd7 7. Bc4 Qb6 8.
Bb3 e6 9. Bxf6 Nxf6 10. f4 e5 11. Ba4+ Ke7 12. Nde2 exf4 13. Bb3 Be6 14. Nd4 g6
15. Qd2 Bg7 16. Nxe6 fxe6 17. Qxf4 Qd4 18. Rd1 Qe5 19. Qxe5 dxe5 20. Ke2 Rad8
21. Rd3 Rd4 22. Rhd1 Rhd8 23. g3 Nxe4 24. Rxd4 Nxc3+ 25. bxc3 exd4 26. cxd4
Rxd4 27. Rxd4 Bxd4 28. Kd3 Be5 29. Ke4 Kd6 30. a4 g5 31. Kf3 h5 32. h3 b5 33.
axb5 axb5 34. g4 h4 35. Ke4 Bb2 36. Ba2 Bc1 37. Bb3 Bf4 38. Ba2 e5 39. Bf7 Kc5
40. Kd3 Bg3 41. Be8 Kb4 42. Bd7 Kc5 43. Be8 Bf4 44. Bd7 Kd5 45. Bf5 b4 46. Be4+
Kc5 47. Bg6 Kb5 48. Be8+ Kc5 49. Bf7 Bg3 50. Be6 Kd6 51. Bf7 Kc6 52. Be6 Kb5
53. Bb3 Kc5 1/2-1/2

[Event "Europa ch 2014"]
[Site "Yerevan ARM"]
[Date "2014.03.06"]
[Round "4.71"]
[White "Vardanian, Haik G"]
[Black "Anton Guijarro, David"]
[Result "0-1"]
[WhiteElo "2327"]
[BlackElo "2559"]
[PlyCount "76"]
[EventDate "2014.03.03"]
[EventType "swiss"]
[EventRounds "11"]
[EventCountry "ARM"]
[Source "lmi"]
[SourceDate "2014.03.02"]

1. c4 e5 2. Nc3 Nc6 3. Nf3 Nf6 4. d4 exd4 5. Nxd4 Bb4 6. g3 Ne5 7. Bg2 Bxc3+ 8.
bxc3 Nxc4 9. Qb3 d5 10. e4 O-O 11. exd5 Re8+ 12. Kf1 Nb6 13. c4 Ne4 14. Be3 Qf6
15. Rc1 Nd7 16. Qa3 Qe5 17. Kg1 Ndf6 18. Nb5 Bd7 19. Bf4 Qh5 20. Nxc7 Nxf2 21.
Nxe8 Rxe8 22. h4 Nxh1 23. Bxh1 h6 24. Qc3 b5 25. Bf3 Bg4 26. Bg2 bxc4 27. Qxc4
Bf3 28. d6 Bxg2 29. Kxg2 g5 30. Qc3 Qe2+ 31. Kh1 gxf4 32. gxf4 Qe4+ 33. Kg1
Qe3+ 34. Qxe3 Rxe3 35. Rc7 Rd3 36. Rxa7 Rxd6 37. Kf2 Rd3 38. a4 Kg7 0-1

[Event "Europa ch 2014"]
[Site "Yerevan ARM"]
[Date "2014.03.06"]
[Round "4.72"]
[White "Deac, Bogdan-Daniel"]
[Black "Yilmaz, Mustafa"]
[Result "0-1"]
[WhiteElo "2322"]
[BlackElo "2557"]
[PlyCount "134"]
[EventDate "2014.03.03"]
[EventType "swiss"]
[EventRounds "11"]
[EventCountry "ARM"]
[Source "lmi"]
[SourceDate "2014.03.02"]

1. d4 d5 2. c4 c6 3. Nf3 Nf6 4. e3 Bf5 5. Nc3 e6 6. Nh4 Be4 7. f3 Bg6 8. Qb3
Qc7 9. g3 Be7 10. Kf2 a6 11. Nxg6 hxg6 12. Bd2 dxc4 13. Bxc4 b5 14. Be2 c5 15.
dxc5 Nbd7 16. Rac1 Nxc5 17. Qc2 Qb7 18. b4 Ncd7 19. Ne4 Nxe4+ 20. Qxe4 Qxe4 21.
fxe4 Bf6 22. Rc6 Ke7 23. Kg2 Rhc8 24. Rhc1 Rxc6 25. Rxc6 Ne5 26. Rc2 Nd7 27.
Bf3 Be5 28. Rc6 Ra7 29. Be1 Nb8 30. Rc2 Kd7 31. a4 Rc7 32. Rd2+ Kc6 33. axb5+
axb5 34. Rd8 Kb7 35. Be2 Nc6 36. Rg8 Kb6 37. h4 Rb7 38. g4 Rb8 39. Rxb8+ Bxb8
40. h5 g5 41. e5 Bxe5 42. Bf3 Nb8 43. Be4 Na6 44. Bh7 f6 45. Kf3 Nc7 46. Be4
Ne8 47. Bh7 Kc6 48. Be4+ Kd7 49. Bb1 Nc7 50. Be4 Ne8 51. Bb1 Kd6 52. Be4 Nc7
53. Bd3 Kc6 54. Be4+ Nd5 55. Ke2 Kd6 56. Kd3 Nc7 57. Ke2 Ne8 58. Bd3 Kc6 59.
Be4+ Kd7 60. Bd3 Nd6 61. Kf3 Kc6 62. Bh7 f5 63. Bg8 Kd7 64. Bd2 Ne4 65. Bc1 Nf6
66. Bf7 Nxg4 67. e4 Bc3 0-1

[Event "Europa ch 2014"]
[Site "Yerevan ARM"]
[Date "2014.03.06"]
[Round "4.73"]
[White "Mastrovasilis, Athanasios"]
[Black "Kozlitin, Roman"]
[Result "1/2-1/2"]
[WhiteElo "2554"]
[BlackElo "2365"]
[PlyCount "110"]
[EventDate "2014.03.03"]
[EventType "swiss"]
[EventRounds "11"]
[EventCountry "ARM"]
[Source "lmi"]
[SourceDate "2014.03.02"]

1. c4 e5 2. g3 Nc6 3. Bg2 f5 4. Nc3 Nf6 5. e3 Be7 6. Nge2 O-O 7. O-O d6 8. Nd5
a5 9. Nec3 Nb4 10. Nxe7+ Qxe7 11. d3 c6 12. a3 Na6 13. b4 Be6 14. b5 cxb5 15.
cxb5 Nc5 16. d4 Nce4 17. Bb2 Nxc3 18. Bxc3 e4 19. d5 Nxd5 20. Bd4 Nc7 21. Qa4
Qf7 22. Rfb1 Bc4 23. b6 Na6 24. Rc1 Rfc8 25. f3 d5 26. fxe4 fxe4 27. Bh3 Nc5
28. Rxc4 dxc4 29. Qb5 Nb3 30. Rf1 Nxd4 31. exd4 Qe7 32. Qd5+ Kh8 33. Bxc8 Rxc8
34. Rf7 Qxa3 35. Qxb7 Qe3+ 36. Kg2 Rg8 37. Qe7 Qd2+ 38. Rf2 Qb4 39. Qe5 Qxb6
40. d5 Rc8 41. Qf5 Rg8 42. Rc2 Qd4 43. d6 Qxd6 44. Rxc4 Qd2+ 45. Kh3 h6 46. Rc5
Ra8 47. Rc8+ Rxc8 48. Qxc8+ Kh7 49. Qf5+ Kg8 50. Qe6+ Kf8 51. Qf5+ Ke8 52. Qe5+
Kd8 53. Qb8+ Kd7 54. Qb5+ Ke6 55. Qb6+ Ke7 1/2-1/2

[Event "Europa ch 2014"]
[Site "Yerevan ARM"]
[Date "2014.03.06"]
[Round "4.75"]
[White "Prizant, Jaroslav"]
[Black "Chudinovskikh, Alexander M"]
[Result "1-0"]
[WhiteElo "2534"]
[BlackElo "2280"]
[PlyCount "95"]
[EventDate "2014.03.03"]
[EventType "swiss"]
[EventRounds "11"]
[EventCountry "ARM"]
[Source "lmi"]
[SourceDate "2014.03.02"]

1. d4 Nf6 2. c4 e6 3. Nf3 c5 4. d5 exd5 5. cxd5 d6 6. Nc3 g6 7. Bf4 a6 8. e4
Nh5 9. Be3 Bg7 10. Nd2 O-O 11. Be2 Nf6 12. a4 Nbd7 13. O-O Ne8 14. f4 f5 15.
exf5 gxf5 16. h3 Rb8 17. Re1 Kh8 18. Bf2 Bh6 19. g3 Ndf6 20. Bf3 b6 21. Rb1 Rg8
22. Kh2 Bg7 23. Qc2 Qc7 24. Qd3 Ra8 25. Bg2 Ra7 26. Nf3 Qf7 27. Nh4 Nh5 28. Re6
Rf8 29. Bf3 Bxc3 30. bxc3 Nhg7 31. Re2 b5 32. Ra2 bxa4 33. Rxa4 Rb7 34. Ng2 Nf6
35. Ne3 Qd7 36. Rxb7 Bxb7 37. Ra2 Re8 38. c4 Ne4 39. Be1 h6 40. Rc2 Nf6 41. Bc3
Rf8 42. g4 fxg4 43. hxg4 Bc8 44. Qg6 Qf7 45. Qxh6+ Nh7 46. Kg3 Kg8 47. Rf2 Ne8
48. Be4 1-0

[Event "Europa ch 2014"]
[Site "Yerevan ARM"]
[Date "2014.03.06"]
[Round "4.77"]
[White "Matevosyan, Sedrak"]
[Black "Nigalidze, Gaioz"]
[Result "0-1"]
[WhiteElo "2213"]
[BlackElo "2527"]
[PlyCount "66"]
[EventDate "2014.03.03"]
[EventType "swiss"]
[EventRounds "11"]
[EventCountry "ARM"]
[Source "lmi"]
[SourceDate "2014.03.02"]

1. d4 g6 2. Nf3 Bg7 3. c4 c5 4. d5 f5 5. g3 d6 6. Bg2 Na6 7. O-O Nf6 8. Nc3 Bd7
9. e4 fxe4 10. Ng5 O-O 11. Ncxe4 Nc7 12. a4 Bf5 13. Re1 Nxe4 14. Bxe4 Qd7 15.
Bg2 Bd4 16. Qe2 Bg4 17. Bf3 Rxf3 18. Nxf3 Bxf3 19. Qxf3 Rf8 20. Bf4 g5 21. Qh5
gxf4 22. Qg5+ Kh8 23. Rxe7 Qh3 24. Qh4 Bxf2+ 25. Kh1 Qxh4 26. gxh4 Na6 27. Rxb7
f3 28. Rf1 Bxh4 29. Rxa7 Nb4 30. a5 Nc2 31. Rg1 f2 32. a6 fxg1=Q+ 33. Kxg1 Ne3
0-1

[Event "Europa ch 2014"]
[Site "Yerevan ARM"]
[Date "2014.03.06"]
[Round "4.78"]
[White "Manukyan, Sargis A"]
[Black "Neverov, Valeriy"]
[Result "0-1"]
[WhiteElo "2123"]
[BlackElo "2508"]
[PlyCount "100"]
[EventDate "2014.03.03"]
[EventType "swiss"]
[EventRounds "11"]
[EventCountry "ARM"]
[Source "lmi"]
[SourceDate "2014.03.02"]

1. d4 Nf6 2. c4 e6 3. Nc3 Bb4 4. e3 c5 5. Bd3 Nc6 6. Nge2 cxd4 7. exd4 d5 8.
cxd5 Nxd5 9. O-O O-O 10. Bc2 Re8 11. Qd3 g6 12. Bh6 Bd6 13. Qd2 Bd7 14. Rfe1
Nce7 15. Ne4 Bb4 16. N2c3 Nf5 17. a3 Be7 18. Bg5 f6 19. Be3 Nfxe3 20. fxe3 Nxc3
21. Nxc3 Rc8 22. Rac1 Kg7 23. Ba4 Rxc3 24. Qxc3 Bxa4 25. e4 Qb6 26. Kh1 Rd8 27.
d5 Bd7 28. Qc7 Bd6 29. Qxb6 axb6 30. dxe6 Bxe6 31. Rcd1 Kf7 32. Rd3 Ke7 33.
Red1 Rd7 34. R1d2 Be5 35. Rxd7+ Bxd7 36. g3 Bc6 37. Kg2 Bxe4+ 38. Kf2 b5 39.
Ke3 Bc6 40. b4 f5 41. Kf2 g5 42. h3 Bc7 43. Re2+ Kf6 44. Rd2 f4 45. gxf4 gxf4
46. h4 Bb6+ 47. Kf1 Ke5 48. Re2+ Be4 49. Rd2 f3 50. Rd7 Bd4 0-1